Who wants disarmament? /

Bibliographic Details
Main Author: Barnet, Richard J.
Format: Book
Language:English
Published: Boston : Beacon Press, [1960]
Series:Beacon books on world affairs, no.1
Subjects:

MARC

Tag First Indicator Second Indicator Subfields
LEADER 00000cam a2200000 4500
001 in00000074352
005 20151008052558.0
008 721201s1960 mau b 00000 eng
010 |a  60014968  
035 |a (OCoLC)00505678 
035 |9 AAH3971AM 
040 |a DLC  |c WSU  |d OCL  |d TXA  |d UtOrBLW 
049 |a TXAM  |c [327393] 
050 0 |a JX1974  |b .B3 
082 0 |a 341.67 
092 |a 341.67  |b B261w 
100 1 |a Barnet, Richard J. 
245 1 0 |a Who wants disarmament? /  |c With an introd. by Chester Bowles. 
264 1 |a Boston :  |b Beacon Press,  |c [1960] 
300 |a xviii, 141 pages ;  |c 21 cm. 
336 |a text  |b txt  |2 rdacontent 
337 |a unmediated  |b n  |2 rdamedia 
338 |a volume  |b nc  |2 rdacarrier 
490 0 |a Beacon books on world affairs, no.1 
504 |a Bibliographical references included in "Notes" (pages 135-140). 
650 0 |a Disarmament. 
999 |a MARS 
999 f f |s 2291d880-7c78-37bf-b43c-35f4ef03bbc4  |i 07c963aa-6b61-3f0d-86a9-44bb7e7b53e9  |t 0 
952 f f |p ric  |a Texas A&M University  |b Rellis Campus  |c Joint Library Facility  |d Remote Storage  |t 0  |e JX1974 .B3  |h Library of Congress classification  |i unmediated -- volume  |m A14800785233 
998 f f |a JX1974 .B3  |t 0  |l Remote Storage